Taylor Swift Songs - Statistics

General Stats
  • This quiz has been taken 20 times
  • The average score is 157 of 257
Answer Stats
Album Track # Answer % Correct
Lover 3 Lover
100%
Midnights 3 Anti-Hero
88%
folklore 8 august
88%
folklore 2 cardigan
88%
evermore 2 champagne problems
88%
Lover 18 Daylight
88%
The Tortured Poets Department 14 The Smallest Man Who Ever Lived
88%
reputation 4 Don't Blame Me
88%
reputation 12 Dress
88%
evermore 15 evermore (feat. Bon Iver)
88%
The Tortured Poets Department 1 Fortnight (feat. Post Malone)
88%
Midnights 1 Lavender Haze
88%
reputation 6 Look What You Made Me Do
88%
Lover 8 Paper Rings
88%
The Life of a Showgirl 1 The Fate of Ophelia
88%
Lover 4 The Man
88%
The Tortured Poets Department 10 Who's Afraid of Little Old Me?
88%
Midnights 5 You're on Your Own, Kid
88%
The Life of a Showgirl 7 Actually Romantic
75%
Lover 15 Afterglow
75%
Red (Taylor's Version) 5 All Too Well
75%
Red (Taylor's Version) 30 All Too Well (10 Minute Version)
75%
1989 (Taylor's Version) 8 Bad Blood
75%
1989 (Taylor's Version) 22 Bad Blood (feat. Kendrick Lamar)
75%
Midnights 9 Bejeweled
75%
1989 (Taylor's Version) 2 Blank Space
75%
The Tortured Poets Department 6 But Daddy I Love Him
75%
reputation 14 Call It What You Want
75%
The Life of a Showgirl 10 CANCELLED!
75%
The Tortured Poets Department: The Anthology 27 Cassandra
75%
The Tortured Poets Department: The Anthology 20 Chloe or Sam or Sophia or Marcus
75%
Lover 9 Cornelia Street
75%
Lover 2 Cruel Summer
75%
reputation 11 Dancing With Our Hands Tied
75%
reputation 5 Delicate
75%
The Tortured Poets Department 8 Florida!!! (feat. Florence + The Machine)
75%
The Tortured Poets Department 13 I Can Do It With a Broken Heart
75%
The Tortured Poets Department 3 My Boy Only Breaks His Favorite Toys
75%
evermore 6 no body, no crime (feat. HAIM)
75%
Midnights 4 Snow on the Beach (feat. Lana Del Rey)
75%
Midnights 22 Snow On The Beach (feat. More Lana Del Rey)
75%
The Tortured Poets Department 2 The Tortured Poets Department
75%
evermore 8 dorothea
75%
The Tortured Poets Department 4 Down Bad
75%
The Life of a Showgirl 5 Eldest Daughter
75%
The Life of a Showgirl 2 Elizabeth Taylor
75%
reputation 2 End Game (feat. Ed Sheeran & Future)
75%
folklore 4 exile (feat. Bon Iver)
75%
Lover 13 False God
75%
reputation 9 Getaway Car
75%
evermore 3 gold rush
75%
The Tortured Poets Department 9 Guilty as Sin?
75%
The Life of a Showgirl 11 Honey
75%
1989 (Taylor's Version) 10 How You Get the Girl
75%
reputation 3 I Did Something Bad
75%
The Tortured Poets Department: The Anthology 23 I Hate It Here
75%
folklore 10 illicit affairs
75%
The Tortured Poets Department: The Anthology 25 I Look in People's Windows
75%
The Tortured Poets Department: The Anthology 18 imgonnagetyouback
75%
Lover 6 I Think He Knows
75%
Lover 17 It's Nice To Have A Friend
75%
Midnights 11 Karma
75%
Midnights 23 Karma (feat. Ice Spice)
75%
reputation 10 King of My Heart
75%
The Tortured Poets Department 12 loml
75%
Lover 11 London Boy
75%
evermore 13 marjorie
75%
Lover 16 ME! (feat. Brendon Urie of Panic! At the Disco)
75%
Midnights 6 Midnight Rain
75%
folklore 6 mirrorball
75%
Lover 7 Miss Americana & The Heartbreak Prince
75%
folklore 5 my tears ricochet
75%
reputation 15 New Year's Day
75%
The Life of a Showgirl 3 Opalite
75%
The Tortured Poets Department: The Anthology 28 Peter
75%
Midnights 7 Question... ?
75%
reputation 1 ...Ready For It?
75%
The Tortured Poets Department: The Anthology 30 Robin
75%
1989 (Taylor's Version) 6 Shake It Off
75%
The Tortured Poets Department: The Anthology 22 So High School
75%
reputation 7 So It Goes...
75%
Lover 12 Soon You'll Get Better (feat. Dixie Chicks)
75%
1989 (Taylor's Version) 3 Style
75%
The Tortured Poets Department: The Anthology 24 thanK you aIMee
75%
Lover 5 The Archer
75%
The Tortured Poets Department: The Anthology 31 The Manuscript
75%
The Tortured Poets Department: The Anthology 26 The Prophecy
75%
folklore 9 this is me trying
75%
reputation 13 This Is Why We Can't Have Nice Things
75%
Midnights 8 Vigilante Sh*t
75%
1989 (Taylor's Version) 9 Wildest Dreams
75%
evermore 1 willow
75%
The Life of a Showgirl 8 Wish List
75%
The Life of a Showgirl 9 Wood
75%
Lover 14 You Need To Calm Down
75%
1989 (Taylor's Version) 5 All You Had To Do Was Stay
63%
folklore 14 betty
63%
The Tortured Poets Department 16 Clara Bow
63%
1989 (Taylor's Version) 13 Clean
63%
evermore 14 closure
63%
evermore 11 cowboy like me
63%
Midnights 20 Dear Reader
63%
Lover 10 Death By A Thousand Cuts
63%
evermore 9 coney island (feat. The National)
63%
Red (Taylor's Version) 20 State Of Grace (Acoustic Version)
63%
folklore 13 epiphany
63%
The Life of a Showgirl 4 Father Figure
63%
The Tortured Poets Department 7 Fresh Out the Slammer
63%
Midnights 18 Glitch
63%
reputation 8 Gorgeous
63%
evermore 7 happiness
63%
Midnights 21 Hits Different
63%
folklore 16 hoax
63%
The Tortured Poets Department 11 I Can Fix Him (No Really I Can)
63%
Lover 1 I Forgot That You Existed
63%
1989 (Taylor's Version) 12 I Know Places
63%
Taylor Swift 13 Invisible
63%
folklore 11 invisible string
63%
evermore 17 it's time to go
63%
evermore 10 ivy
63%
1989 (Taylor's Version) 7 I Wish You Would
63%
evermore 12 long story short
63%
Fearless (Taylor's Version) 3 Love Story
63%
folklore 12 mad woman
63%
Midnights 2 Maroon
63%
Midnights 13 Mastermind
63%
Red (Taylor's Version) 25 Message In A Bottle
63%
Fearless (Taylor's Version) 22 Mr. Perfectly Fine
63%
1989 (Taylor's Version) 16 New Romantics
63%
1989 (Taylor's Version) 4 Out of the Woods
63%
Midnights 16 Paris
63%
folklore 15 peace
63%
Taylor Swift 2 Picture to Burn
63%
evermore 16 right where you left me
63%
The Life of a Showgirl 6 Ruin the Friendship
63%
Red (Taylor's Version) 12 Sad Beautiful Tragic
63%
1989 (Taylor's Version) 18 Say Don't Go
63%
folklore 7 seven
63%
1989 (Taylor's Version) 17 "Sl*t!"
63%
The Tortured Poets Department 5 So Long, London
63%
Speak Now (Taylor's Version) 4 Speak Now
63%
Red (Taylor's Version) 1 State of Grace
63%
1989 (Taylor's Version) 20 Suburban Legends
63%
Midnights 12 Sweet Nothing
63%
Taylor Swift 3 Teardrops On My Guitar
63%
folklore 1 the 1
63%
The Tortured Poets Department: The Anthology 19 The Albatross
63%
The Tortured Poets Department 15 The Alchemy
63%
The Tortured Poets Department: The Anthology 17 The Black Dog
63%
The Tortured Poets Department: The Anthology 29 The Bolter
63%
folklore 17 the lakes
63%
folklore 3 the last great american dynasty
63%
Fearless (Taylor's Version) 10 The Way I Loved You
63%
1989 (Taylor's Version) 11 This Love
63%
Taylor Swift 7 Tied Together With a Smile
63%
Taylor Swift 1 Tim McGraw
63%
evermore 4 'tis the damn season
63%
evermore 5 tolerate it
63%
1989 (Taylor's Version) 1 Welcome To New York
63%
1989 (Taylor's Version) 14 Wonderland
63%
Midnights 19 Would've, Could've, Should've
63%
1989 (Taylor's Version) 15 You Are In Love
63%
Fearless (Taylor's Version) 6 You Belong With Me
63%
Red (Taylor's Version) 6 22
50%
Other - All Of The Girls You Loved Before
50%
Taylor Swift 14 A Perfectly Good Heart
50%
Taylor Swift 4 A Place In This World
50%
Red (Taylor's Version) 24 Babe
50%
Speak Now (Taylor's Version) 3 Back to December
50%
Speak Now (Taylor's Version) 10 Better Than Revenge
50%
Midnights 15 Bigger Than The Whole Sky
50%
Speak Now (Taylor's Version) 5 Dear John
50%
Speak Now (Taylor's Version) 20 Castles Crumbling (feat. Hayley Williams)
50%
Midnights 24 You're Losing Me (From The Vault)
50%
Speak Now (Taylor's Version) 17 Electric Touch (feat. Fall Out Boy)
50%
Speak Now (Taylor's Version) 9 Enchanted
50%
Red (Taylor's Version) 14 Everything Has Changed (feat. Ed Sheeran)
50%
Fearless (Taylor's Version) 1 Fearless
50%
Fearless (Taylor's Version) 2 Fifteen
50%
Speak Now (Taylor's Version) 12 Haunted
50%
Fearless (Taylor's Version) 4 Hey Stephen
50%
Midnights 17 High Infidelity
50%
Red (Taylor's Version) 11 Holy Ground
50%
The Tortured Poets Department: The Anthology 21 How Did it End?
50%
Speak Now (Taylor's Version) 19 I Can See You
50%
Speak Now (Taylor's Version) 11 Innocent
50%
1989 (Taylor's Version) 21 Is It Over Now?
50%
Fearless (Taylor's Version) 14 Jump Then Fall
50%
Midnights 10 Labyrinth
50%
Speak Now (Taylor's Version) 14 Long Live
50%
Taylor Swift 10 Mary's Song (Oh My My My)
50%
Speak Now (Taylor's Version) 6 Mean
50%
Speak Now (Taylor's Version) 1 Mine
50%
Speak Now (Taylor's Version) 8 Never Grow Up
50%
1989 (Taylor's Version) 19 Now That We Don't Talk
50%
Speak Now (Taylor's Version) 15 Ours
50%
Taylor Swift 11 Our Song
50%
Red (Taylor's Version) 2 Red
50%
Red (Taylor's Version) 21 Ronan
50%
Speak Now (Taylor's Version) 2 Sparks Fly
50%
Taylor Swift 8 Stay Beautiful
50%
Red (Taylor's Version) 9 Stay Stay Stay
50%
Speak Now (Taylor's Version) 16 Superman
50%
Midnights 14 The Great War
50%
The Life of a Showgirl 12 The Life of a Showgirl (feat. Sabrina Carpenter)
50%
Speak Now (Taylor's Version) 7 The Story of Us
50%
Speak Now (Taylor's Version) 22 Timeless
50%
Fearless (Taylor's Version) 20 Today Was A Fairytale
50%
Speak Now (Taylor's Version) 18 When Emma Falls in Love
50%
Fearless (Taylor's Version) 5 White Horse
50%
Fearless (Taylor's Version) 9 You're Not Sorry
50%
Red (Taylor's Version) 16 Begin Again
38%
Red (Taylor's Version) 22 Better Man
38%
Fearless (Taylor's Version) 7 Breathe (feat. Colbie Caillat)
38%
Fearless (Taylor's Version) 26 Bye Bye Baby
38%
Other - Carolina
38%
Fearless (Taylor's Version) 13 Change
38%
Taylor Swift 5 Cold As You
38%
Red (Taylor's Version) 18 Come Back... Be Here
38%
Fearless (Taylor's Version) 17 Come In With the Rain
38%
Red (Taylor's Version) 26 I Bet You Think About Me (feat. Chris Stapleton)
38%
Red (Taylor's Version) 23 Nothing New (feat. Phoebe Bridgers)
38%
Other - Safe & Sound (Taylor's Version)
38%
Fearless (Taylor's Version) 21 You All Over Me (feat. Maren Morris)
38%
Fearless (Taylor's Version) 25 Don't You
38%
Other - Eyes Open (Taylor's Version)
38%
Speak Now (Taylor's Version) 21 Foolish One
38%
Fearless (Taylor's Version) 11 Forever & Always
38%
Fearless (Taylor's Version) 16 Forever & Always (Piano Version)
38%
Red (Taylor's Version) 27 Forever Winter
38%
Red (Taylor's Version) 19 Girl At Home
38%
Red (Taylor's Version) 7 I Almost Do
38%
Other - I Don't Wanna Live Forever (with ZAYN)
38%
Red (Taylor's Version) 4 I Knew You Were Trouble
38%
Taylor Swift 12 I'm Only Me When I'm With You
38%
Speak Now (Taylor's Version) 13 Last Kiss
38%
Red (Taylor's Version) 28 Run (feat. Ed Sheeran)
38%
Taylor Swift 9 Should've Said No
38%
Red (Taylor's Version) 15 Starlight
38%
Fearless (Taylor's Version) 18 Superstar
38%
1989 (Taylor's Version) 22 Sweeter Than Fiction
38%
Fearless (Taylor's Version) 8 Tell Me Why
38%
Fearless (Taylor's Version) 24 That's When (feat. Keith Urban)
38%
Fearless (Taylor's Version) 12 The Best Day
38%
Red (Taylor's Version) 10 The Last Time (feat. Gary Lightbody)
38%
Red (Taylor's Version) 13 The Lucky One
38%
Red (Taylor's Version) 17 The Moment I Knew
38%
Fearless (Taylor's Version) 19 The Other Side of the Door
38%
Taylor Swift 6 The Outside
38%
Red (Taylor's Version) 29 The Very First Night
38%
Red (Taylor's Version) 3 Treacherous
38%
Fearless (Taylor's Version) 15 Untouchable
38%
Red (Taylor's Version) 8 We Are Never Ever Getting Back Together
38%
Fearless (Taylor's Version) 23 We Were Happy
38%
Other - Christmas Tree Farm
25%
Other - If This Was a Movie (Taylor's Version)
13%
Other - Only The Young
13%
No matching quizzes found
Score Distribution
Percent of People with Each Score
Percentile by Number Answered
Your Score History
You have not taken this quiz